Los glaciares /
Guardado en:
| Formato: | |
|---|---|
| Materias: | |
| Etiquetas: |
Agregar Etiqueta
Sin Etiquetas, Sea el primero en etiquetar este registro!
|
| LEADER | 00961ngm a22002895g 4500 | ||
|---|---|---|---|
| 001 | CEM.cems021471 | ||
| 008 | 130507b1992##################0###0#####d | ||
| 005 | 20240826152832.0 | ||
| 245 | 0 | 0 | |a Los glaciares / |
| 300 | |a 49 | ||
| 500 | |a En soporte VHS, consultar en ventanilla. | ||
| 505 | 0 | |a Imágenes de la Patagonia. Vistas de Santa Cruz: lago Argentino, lago Roca, Perito Moreno. El minitrekking. Calafate, Chalten o Fitz Roy, Gualicho, Upsala. | |
| 538 | |a Soporte: VHS - Norma: Pal N - Color - Grabación Drd 1992 - Hitachi=1013 | ||
| 082 | 9 | 1 | |. 7/ARG |
| 653 | |a ARGENTINA-GEOGRAFIA | ||
| 653 | |a GLACIARES | ||
| 653 | |a PATAGONIA | ||
| 653 | |a CALAFATE | ||
| 653 | |a PROVINCIA DE SANTACRUZ | ||
| 653 | |a PERITO MORENO | ||
| 653 | |a CHALTEN | ||
| 653 | |a GUALICHO | ||
| 653 | |a UPSALA | ||
| 653 | |a FITZ ROY | ||
| 653 | |a NIVEL PRIMARIO | ||
| 653 | |a NIVEL SECUNDARIO | ||
| 859 | |a CEMS |b BIB. CEMS - Depto. Recursos Didacticos |h 918.7 |i ARG |k DRD |p 114.12 |t Ej.1 | ||
